000 00513nam a2200193Ia 4500
008 230125s9999 xx 000 0 und d
020 _a81-7888-059-8
041 _aeng
082 _a004.69
_bKHE
100 _aKhemka P
_9112703
245 _aShifting trends in M-commerce 2002 and after
260 _c2003
_bDominant publisher
_aNew Delhi
300 _a309p
500 _aM-commerce
650 _aComputer Management
700 _aKhemka P & Badwar R
_9112704
906 _b104
999 _c89691
_d89691